000
00203 a2200097 4500
001
49545
100
_a
Pryce Jones
245
_a
Prose literature
260
_a
London
_b
Longman
_c
090
_c
32073
_d
32073
942
_a
NUST-CAE
_c
M
_c
24529
999
_c
284618
_d
284618